00710nam a22001932 450000100060000000300080000600500170001400800410003103500190007204000320009104100080012308200260013124501890015726000470034630000250039350400410041865000270045971000300048631207BD-RjUL20211209051655.0140413s1978 enk b i000 0 eng d a(BD-RjUL)31294 aZCLcZCLdEQOdBD-RjULbeng aeng a909.0971241bCOR 197800aRecognition and enforcement of judgments and orders and the service of process within the Commonwealth :ba report of a working meeting held at Basseterre, St. Kitts, 24-28 April 1978. aLondon :bCommonwealth Secretariat,c1978. aix, 354 p. ;c30 cm. aIncludes bibliographical references. 0aCommonwealth Countries2 aCommonwealth Secretariat.